000
00332pam a2200157a 44500
008
230515b1963 xxu||||| |||| 00| 0 eng d
020
_a
NULL
041
_a
ENGLISH
082
_a
630
100
_a
2219-1962
245
_a
FEEDS FOR MACHINE TOOLS
250
_a
0
260
_a
DELHI
_b
ISI
_c
1963
300
_a
13
650
_a
NULL
999
_c
652158
_d
652158